| 000 | 01106nam a2200301 i 4500 | ||
|---|---|---|---|
| 003 | EG-GICUC | ||
| 005 | 20260307190856.0 | ||
| 008 | 260306s1925 ua ||||fr|||| 00| 0 fre d | ||
| 040 |
_aEG-GiCUC _bfre _cEG-GiCUC _dEG-GiCUC _eRda |
||
| 041 | _afre | ||
| 082 | 0 | 4 |
_221 _a341.851 _bAB.N |
| 092 | 0 | 4 | _221 |
| 099 | _aLaw1 12 341.851 AB.N 2ed 1925 | ||
| 100 | 1 |
_a Bey , Adib Maakad _eAuteur |
|
| 245 |
_aNotions Générales Sur Les Juridictions Mixtes D'Égypte : _bOrganisation Et Droit En Vigueur Et Formulaire De Procédure Civile, Commerciale, Maritime Et Pénale Et D'actes Notariés / _cAdib Maakad Bey . |
||
| 264 |
_aALEXANDRIE : _bTypo-lithographie Nouvelle" C. Molco & Co. , _c1925. |
||
| 300 |
_a778 page ; _c 24 cm. |
||
| 336 |
_2rda contenu _a texte |
||
| 337 |
_2rda medias _aOrdinateur |
||
| 338 |
_2 transporteur rda _a Ressource en ligne |
||
| 546 | _aTexte en français | ||
| 650 | 1 | _aDroit international privé | |
| 651 | 1 | _2qrmak | |
| 700 | 1 |
_aCharles Ruelens _eAuteur |
|
| 856 | 4 | 0 | _uhttps://fll.law.cu.edu.eg/fulltext/bks/B11-08805.pdf |
| 905 | _a60 | ||
| 942 |
_2ddc _cBK _e21 _n0 |
||
| 999 |
_c65212 _d65212 |
||